|
|
|
|
| LEADER |
00878nam a22002057a 4500 |
| 008 |
180316b xxu||||| |||| 00| 0 eng d |
| 999 |
|
|
|c 21850
|d 21850
|
| 082 |
|
|
|a 891.73
|b ALE/REM
|
| 100 |
|
|
|a അലക്സിവിച്ച്, സ്വെറ്റ് ലാന
|
| 240 |
|
|
|a Clavu piticha kaalam
|
| 245 |
|
|
|a ക്ലാവ് പിടിച്ച കാലം /
|c വിവ : രമാമേനോന്
|
| 246 |
|
|
|a Time second hand
|
| 250 |
|
|
|a 1st ed.
|
| 260 |
|
|
|a തൃശൂര് :
|b ഗ്രീന് ബുക്സ്,
|c 2017.
|
| 300 |
|
|
|a 688p.
|
| 650 |
|
|
|a Russian literature
|
| 700 |
|
|
|a Alexivich, Svetlana
|
| 700 |
|
|
|a Remamenon
|e translator.
|
| 942 |
|
|
|2 ddc
|c BK
|
| 952 |
|
|
|0 0
|1 0
|2 ddc
|4 0
|6 891_730000000000000_ALE_REM
|7 0
|9 30319
|a MAIN
|b MAIN
|d 2018-03-16
|e vidyarthi publications
|g 650.00
|l 2
|o 891.73 ALE/REM
|p 30490
|r 2018-09-06
|s 2018-08-08
|t 1
|w 2018-03-16
|y BK
|